Testifiers in Ace Attorney Investigations 2: Prosecutor's Gambit - Statistics

General Stats
  • This quiz has been taken 104 times
    30 since last reset
  • The average score is 12 of 21
Answer Stats
Case Answer % Correct
Turnabout Trigger Bronco Knight
79%
The Captive Turnabout Eustace Winner
79%
Turnabout Trigger Shelly de Killer
79%
Turnabout Legacy Manfred von Karma
74%
A Turnabout Forsaken Excelsius Winner
68%
Turnabout for the Ages Simeon Saint
68%
A Turnabout Forsaken Franziska von Karma
63%
A Turnabout Forsaken Kay Faraday
63%
The Captive Turnabout Verity Gavelle
63%
Turnabout Trigger Di-Jun Wang
58%
Turnabout Legacy Judy Bound
58%
Turnabout Trigger Tabby Lloyd
58%
The Captive Turnabout Fifi Laguarde
53%
The Captive Turnabout Frank Sahwit
53%
Turnabout Legacy Carmelo Gusto
47%
Turnabout for the Ages Shi-Long Lang
47%
The Captive Turnabout Bodhidharma Kanis
37%
The Captive Turnabout Rocco Carcerato
32%
Turnabout for the Ages Shaun Fenn
32%
Turnabout Legacy Tyrell Badd
26%
A Turnabout Forsaken Hilda Hertz and Florence Niedler
21%
No matching quizzes found
Score Distribution
Percent of People with Each Score
Percentile by Number Answered
Your Score History
You have not taken this quiz since the last reset